Polícia: Za sex so študentkou skončil v cele! obvinený slovenčinár Ladislav (42)

Bibliographic Details
Main Author: Kovář, Zdeněk (Author)
Format: Article
Language:Slovak
Subjects:
Online Access:https://www.cas.sk/clanok/702573/vychodnym-slovenskom-otriasol-sexualny-skandal-studentka-sa-psychicky-zrutila-a-vtedy-to-prasklo/

MARC

LEADER 00000nab a2200000 ar4500
001 vtls011863498
003 SK-MaSNL
005 20260303231443.0
008 190429c20180512xo mr|p|||||||000 b|slo
038 |a SNSK 
040 |a SNSK  |b slo  |e rda  |c SK 
041 |a slo 
043 |a e-xo- - - 
044 |a xo  |c SK 
080 |a 377.36  |2 2011 
080 |a 343.514  |2 2011 
100 1 |a Kovář, Zdeněk  |4 aut  |9 266642 
245 1 0 |a Polícia: Za sex so študentkou skončil v cele!  |b obvinený slovenčinár Ladislav (42)  |c Zdeněk Kovář; foto: autor, atr 
610 2 7 |a Obchodná akadémia (Rožňava, Slovensko)  |2 snsk  |9 1023903 
650 0 7 |a sexuálne obťažovanie  |2 snsk  |9 71728 
650 0 7 |a študentky  |2 snsk  |9 30402 
651 7 |a Rožňava (Slovensko)  |2 snsk  |9 17394 
773 0 |t Nový Čas  |g Roč. 28, č. 129 (6.6.2018), s. 9  |x 1335-4655 
852 |a SNSK  |b KIS3GCP 
856 4 1 |u https://www.cas.sk/clanok/702573/vychodnym-slovenskom-otriasol-sexualny-skandal-studentka-sa-psychicky-zrutila-a-vtedy-to-prasklo/ 
999 |c 2266708  |d 2268638